000 03739nam a22006255i 4500
001 978-3-319-54361-1
003 DE-He213
005 20210118122015.0
007 cr nn 008mamaa
008 170509s2017 gw | s |||| 0|eng d
020 _a9783319543611
_9978-3-319-54361-1
024 7 _a10.1007/978-3-319-54361-1
_2doi
050 4 _aQA403.5-404.5
072 7 _aPBKF
_2bicssc
072 7 _aMAT034000
_2bisacsh
072 7 _aPBKF
_2thema
082 0 4 _a515.2433
_223
100 1 _aYang, Dachun.
_eauthor.
_4aut
_4http://id.loc.gov/vocabulary/relators/aut
245 1 0 _aReal-Variable Theory of Musielak-Orlicz Hardy Spaces
_h[electronic resource] /
_cby Dachun Yang, Yiyu Liang, Luong Dang Ky.
250 _a1st ed. 2017.
264 1 _aCham :
_bSpringer International Publishing :
_bImprint: Springer,
_c2017.
300 _aXIII, 468 p. 1 illus.
_bonline resource.
336 _atext
_btxt
_2rdacontent
337 _acomputer
_bc
_2rdamedia
338 _aonline resource
_bcr
_2rdacarrier
347 _atext file
_bPDF
_2rda
490 1 _aLecture Notes in Mathematics,
_x0075-8434 ;
_v2182
520 _aThe main purpose of this book is to give a detailed and complete survey of recent progress related to the real-variable theory of Musielak–Orlicz Hardy-type function spaces, and to lay the foundations for further applications. The real-variable theory of function spaces has always been at the core of harmonic analysis. Recently, motivated by certain questions in analysis, some more general Musielak–Orlicz Hardy-type function spaces were introduced. These spaces are defined via growth functions which may vary in both the spatial variable and the growth variable. By selecting special growth functions, the resulting spaces may have subtler and finer structures, which are necessary in order to solve various endpoint or sharp problems. This book is written for graduate students and researchers interested in function spaces and, in particular, Hardy-type spaces.
650 0 _aFourier analysis.
650 0 _aFunctional analysis.
650 0 _aOperator theory.
650 0 _aFunctions of real variables.
650 1 4 _aFourier Analysis.
_0http://scigraph.springernature.com/things/product-market-codes/M12058
650 2 4 _aFunctional Analysis.
_0http://scigraph.springernature.com/things/product-market-codes/M12066
650 2 4 _aOperator Theory.
_0http://scigraph.springernature.com/things/product-market-codes/M12139
650 2 4 _aReal Functions.
_0http://scigraph.springernature.com/things/product-market-codes/M12171
700 1 _aLiang, Yiyu.
_eauthor.
_4aut
_4http://id.loc.gov/vocabulary/relators/aut
700 1 _aKy, Luong Dang.
_eauthor.
_4aut
_4http://id.loc.gov/vocabulary/relators/aut
710 2 _aSpringerLink (Online service)
773 0 _tSpringer eBooks
776 0 8 _iPrinted edition:
_z9783319543604
776 0 8 _iPrinted edition:
_z9783319543628
830 0 _aLecture Notes in Mathematics,
_x0075-8434 ;
_v2182
856 4 0 _uhttps://doi.org/10.1007/978-3-319-54361-1
912 _aZDB-2-SMA
912 _aZDB-2-LNM
999 _c445437
_d445437
942 _cEB
506 _aAvailable to subscribing member institutions only. Доступно лише організаціям членам підписки.
506 _fOnline access from local network of NaUOA.
506 _fOnline access with authorization at https://link.springer.com/
506 _fОнлайн-доступ з локальної мережі НаУОА.
506 _fОнлайн доступ з авторизацією на https://link.springer.com/